| 000 | 00681cam a22002171a 4500 | ||
|---|---|---|---|
| 001 | ne 63000281 | ||
| 003 | DLC | ||
| 005 | 20260227111741.0 | ||
| 008 | 890517s1961 ua b 000 0 arar | ||
| 010 | _ane 63000281 | ||
| 035 | _a(OCoLC)23508219 | ||
| 040 |
_aDLC _cMiU _dInU _dDLC |
||
| 042 | _apremarc | ||
| 050 | 0 | 0 |
_aJC273 _b.S55 |
| 100 | 1 | _aShinīṭī, Muḥammad Fatḥī. | |
| 245 | 1 | 0 |
_aNamādhij min al-falsafah al-siyāsīyah / _ctaʼlīf Muḥammad Fatḥī al-Shinīṭī. |
| 260 |
_a[Cairo] : _bMaktabat al-Qāhirah al-Ḥadt̄hah, _c[1961] |
||
| 300 |
_a211 p. ; _c21 cm. |
||
| 504 | _aIncludes bibliographical references (p. [201]-205). | ||
| 650 | 0 | _aState, The | |
| 999 |
_c45548 _d45548 |
||